000 005280000a22001810004500
003 MACL
005 20160223132155.0
008 160223b xxu||||| |||| 00| 0 eng d
040 _aMACL
_cMACL
041 _aHindi
082 _a800
100 _aरघुबी‍रसिंह डी लिट
_939623
245 _aशेष स्‍मृतियॉ
260 _bराजकमल प्रकाशन
_c1951
_aनई दिल्‍ली
350 _a4
650 _aLiterature
_939624
942 _cHIN
_k800
_2ddc
999 _c23052
_d23052